| 000 | 00397nam a2200121Ia 4500 | ||
|---|---|---|---|
| 008 | 210430s9999 xx 000 0 und d | ||
| 082 | _a620.11 T676 R | ||
| 100 |
_aSalvatore Torquato _954436 |
||
| 245 |
_aMechanics and Materials Random Heterogneous Materials Microstructure and Macroscopic Properties _cSalvatore Torquato |
||
| 260 |
_aUSA _bSpringer _c2000 |
||
| 300 | _a7001 p | ||
| 942 |
_cBK _2ddc |
||
| 999 |
_c565032 _d565032 |
||